000 01367nam a22002897a 4500
999 _c23583
_d23583
003 AR-CdUCM
008 260401b2024 pe ||||| |||| 00| 0 spa d
020 _aN° 978-612-4236-45-7
040 _aMUNICIPALIDAD PROVINCIAL DEL CUSCO
_cBIBLIOTECA MUNICIPAL DEL CUSCO
041 _hspa
082 _a581.6 /
_bL69
100 _aLizárraga Valencia, Luis Justino
_952496
245 _aDescripción agrobotánica de papas nativas /
260 _aCusco - Perú :
_bUniversidad Nacional de San Antonio Abad del Cusco,
_c2024.
300 _a127 Páginas. :
_bTablas, mapas, figuras
_c20 x 29 cm.
500 _zPágina 127
505 _aContenido: La diversidad de la papa en el Perú Lugares de alta concentración y variabilidad de la papa -- Riqueza de especies -- Variedades nominales -- Local -- Colecciones del Centro Internacional de la papa y el Centro Regional de Investigación en Biodiversidad Andina para la Región del Cusco -- Pasaporte de las papas nativas -- Descripción
650 _aDescripción de las papas
_952497
650 _aCaracteres agronómicos
_952498
650 _aDescripción morfológica
_952499
700 _aPacheco Farfán, Doris Flor
_922873
700 _aJimenez Aguilar, Catalina
_922222
700 _aLizárraga Farfán, Analí
_952500
856 _fwww.unsaac.edu.pe/
942 _2ddc
_cLIBROS
945 _ajmcs
_d01/03/2026